| 000 | 00622nam a2200229Ia 4500 | ||
|---|---|---|---|
| 003 | OSt | ||
| 005 | 20250714185906.0 | ||
| 008 | 210423s2003 xx 000 0 und d | ||
| 020 | _a8795421680 | ||
| 040 | _cAL | ||
| 041 | _aEnglish | ||
| 082 |
_a070.4 _bSTEN |
||
| 100 |
_aStein M L _981834 |
||
| 245 |
_aNewswriters handbook _b: an introduction to journalism |
||
| 260 |
_aNew Delhi _bSurjeeth Publications _c2003 |
||
| 300 |
_avii,303p. _bPB _c24.5x14.3cm. |
||
| 365 |
_b250 _cINR |
||
| 650 |
_aJournalism _981835 |
||
| 650 |
_aJournalism & Media _981836 |
||
| 906 | _ajournalism ; Newswriters | ||
| 942 |
_2ddc _cBK |
||
| 999 |
_c155457 _d155457 |
||